[Event "Almaty op"]
[Site "Almaty"]
[Date "2017.10.07"]
[Round "5"]
[White "Vokhidov, Shamsiddin"]
[Black "Stativkin, Dmitriy"]
[Result "1-0"]
[WhiteElo "2399"]
[BlackElo "2171"]
[PlyCount "93"]
[EventDate "2017.10.03"]
[EventType "swiss"]
[EventRounds "9"]
[EventCountry "KAZ"]
[SourceTitle "CBM 181 Extra"]
[Source "ChessBase"]
[SourceDate "2017.12.12"]
[SourceVersion "1"]
[SourceVersionDate "2017.12.12"]
[SourceQuality "1"]

1. e4 Nc6 2. Nf3 g6 3. d4 Bg7 4. Nc3 d6 5. Be2 Bg4 6. Be3 e5 7. dxe5 dxe5 8. Qxd8+ Rxd8 9. Nd5 Kd7 10. Rd1 Kc8 11. Ng5 Bxe2 12. Kxe2 Rd7 13. c3 h6 14. Nf3 f5 15. Nh4 f4 16. Nxg6 fxe3 17. Nxh8 Bxh8 18. Nxe3 Rf7 19. Nf5 h5 20. h4 Nge7 21. Nxe7+ Nxe7 22. Rh3 Bf6 23. Rf3 b5 24. g3 a5 25. a4 bxa4 26. Ra1 Kd7 27. Rxa4 Nc6 28. Rc4 Nb8 29. Rc5 Kd6 30. Rxa5 Nd7 31. Ra6+ Nb6 32. Rf5 Kc6 33. f4 exf4 34. gxf4 Rf8 35. Raa5 Nd7 36. Kf3 Bxh4 37. Rxf8 Nxf8 38. Rxh5 Be7 39. Ra5 Kd7 40. e5 Ne6 41. f5 Ng5+ 42. Kg4 Ne4 43. Kf4 Nf2 44. Rd5+ Ke8 45. f6 Bf8 46. Kf5 Nh1 47. Ke4 1-0

[Event "KAZ-ch"]
[Site "Astana"]
[Date "2007.03.25"]
[Round "6"]
[White "Gnusarev, Pavel"]
[Black "Stativkin, Dmitriy"]
[Result "1/2-1/2"]
[WhiteElo "2426"]
[BlackElo "2214"]
[PlyCount "67"]
[EventDate "2007.03.20"]
[EventType "tourn"]
[EventRounds "11"]
[EventCountry "KAZ"]
[EventCategory "5"]
[SourceTitle "CBM 117 Extra"]
[Source "ChessBase"]
[SourceDate "2007.05.09"]
[SourceVersion "1"]
[SourceVersionDate "2007.05.09"]
[SourceQuality "1"]

1. d4 Nf6 2. c4 c5 3. d5 b5 4. Nf3 g6 5. cxb5 a6 6. b6 d6 7. Nc3 Nbd7 8. a4 a5 9. e4 Bg7 10. Bb5 0-0 11. 0-0 Nxb6 12. h3 e6 13. dxe6 Bxe6 14. Bf4 d5 15. Bc6 dxe4 16. Ng5 Qxd1 17. Rfxd1 Bb3 18. Re1 Rad8 19. Ngxe4 Nxe4 20. Nxe4 Bd5 21. Bxd5 Rxd5 22. Bc7 Nc4 23. b3 Bxa1 24. Rxa1 Rd4 25. Nf6+ Kg7 26. Ng4 Rd7 27. Bf4 g5 28. Bxg5 Kg6 29. Nf6 Rd4 30. bxc4 Rc8 31. Be3 Kxf6 32. Bxd4+ cxd4 33. Rc1 Ke5 34. Kf1 1/2-1/2

[Event "Wch U16"]
[Site "Heraklion"]
[Date "2002.11.21"]
[Round "8"]
[White "Beudaert, Xavier"]
[Black "Stativkin, Dmitriy"]
[Result "1/2-1/2"]
[WhiteElo "2282"]
[BlackElo "2157"]
[PlyCount "94"]
[EventDate "2002.11.15"]
[EventType "swiss"]
[EventRounds "11"]
[EventCountry "GRE"]
[SourceTitle "CBM 091 Extra"]
[Source "ChessBase"]
[SourceDate "2003.01.09"]
[SourceVersion "1"]
[SourceVersionDate "2003.01.09"]
[SourceQuality "1"]

1. Nf3 Nf6 2. c4 e6 3. g3 d5 4. cxd5 exd5 5. Bg2 Bd6 6. 0-0 0-0 7. Nc3 Re8 8. Qc2 c6 9. Re1 Nbd7 10. d3 Ne5 11. e4 Nxf3+ 12. Bxf3 Bh3 13. Qb3 Qd7 14. Bg5 Ng4 15. d4 Bc7 16. Rad1 Bb6 17. Na4 dxe4 18. Nxb6 axb6 19. Bxe4 h6 20. Bf4 Nf6 21. Bf3 Be6 22. Qxb6 Nd5 23. Qc5 Rxa2 24. Bc1 Raa8 25. h4 Nf6 26. Re5 Bd5 27. Bxd5 Nxd5 28. Rde1 f6 29. R5e2 Rxe2 30. Rxe2 Re8 31. Qc4 Rxe2 32. Qxe2 Qe7 33. Be3 Qe4 34. Kh2 Kh7 35. Qd2 Ne7 36. Qb4 b5 37. Qc3 Nf5 38. Kg1 Kg6 39. Qd2 Qf3 40. Kh2 Kh5 41. d5 cxd5 42. Bc5 g5 43. Qe1 d4 44. Kh3 Qg4+ 45. Kh2 Qf3 46. Kh3 Qg4+ 47. Kh2 Qf3 1/2-1/2

[Event "World ol U16"]
[Site "Kuala Lumpur"]
[Date "2002.08.26"]
[Round "8"]
[White "Grecescu, Gabriel Andrei"]
[Black "Stativkin, Dmitriy"]
[Result "1/2-1/2"]
[WhiteElo "2233"]
[BlackElo "2173"]
[PlyCount "109"]
[EventDate "2002.08.20"]
[EventType "team-swiss"]
[EventRounds "10"]
[EventCountry "MAS"]
[SourceTitle "CBM 089 Extra"]
[Source "ChessBase"]
[SourceDate "2002.09.10"]
[SourceVersion "2"]
[SourceVersionDate "2002.09.10"]
[SourceQuality "1"]

1. c4 Nf6 2. b3 e6 3. Bb2 d5 4. g3 Be7 5. Bg2 0-0 6. Nf3 c5 7. 0-0 Nc6 8. cxd5 Nxd5 9. Nc3 Bf6 10. Qc1 b6 11. Nxd5 exd5 12. d4 Nxd4 13. Nxd4 cxd4 14. Qd2 Ba6 15. Rfe1 Re8 16. a4 Rc8 17. Rac1 Rxc1 18. Bxc1 g6 19. b4 Bc4 20. Bb2 Qd6 21. h4 h5 22. Bf3 d3 23. e3 Bxb2 24. Qxb2 d4 25. e4 a5 26. bxa5 bxa5 27. Rb1 Be6 28. Qd2 Qa3 29. Bxh5 Qa2 30. Rb2 Qa1+ 31. Kh2 Rc8 32. Bf3 Qc1 33. h5 Qxd2 34. Rxd2 Rc2 35. Rxd3 Bc4 36. Rxd4 Rxf2+ 37. Kg1 Rxf3 38. Rxc4 Rxg3+ 39. Kf2 Ra3 40. hxg6 fxg6 41. e5 Kf7 42. Rc7+ Ke6 43. Rc6+ Kxe5 44. Rxg6 Rxa4 45. Rg5+ Kf4 46. Rb5 Ke4 47. Ke2 Kd4 48. Kd2 Kc4 49. Rb8 Rb4 50. Rxb4+ axb4 51. Kc2 b3+ 52. Kb2 Kb4 53. Kb1 Kc3 54. Kc1 b2+ 55. Kb1 1/2-1/2

[Event "World ol U16"]
[Site "Kuala Lumpur"]
[Date "2002.08.26"]
[Round "9"]
[White "Stativkin, Dmitriy"]
[Black "Zhou, Weiqi"]
[Result "0-1"]
[WhiteElo "2173"]
[BlackElo "2318"]
[PlyCount "72"]
[EventDate "2002.08.20"]
[EventType "team-swiss"]
[EventRounds "10"]
[EventCountry "MAS"]
[SourceTitle "CBM 089 Extra"]
[Source "ChessBase"]
[SourceDate "2002.09.10"]
[SourceVersion "2"]
[SourceVersionDate "2002.09.10"]
[SourceQuality "1"]

1. e4 c5 2. Nf3 Nc6 3. d4 cxd4 4. Nxd4 e5 5. Nb5 d6 6. g3 Nf6 7. Bg2 a6 8. N5c3 Bg4 9. Qd3 Nb4 10. Qd2 Be7 11. h3 Be6 12. 0-0 d5 13. a3 d4 14. axb4 dxc3 15. Qg5 Ng4 16. Qxg7 Bf6 17. Qxh8+ Bxh8 18. hxg4 cxb2 19. Bxb2 Rc8 20. Nc3 Qd4 21. Nd1 Qxb4 22. Ba3 Qb6 23. Ne3 Bg7 24. Rfb1 Qa7 25. Bf1 Bh6 26. Bc1 Kf8 27. c4 Kg8 28. Bg2 Bf8 29. Bb2 f6 30. g5 Bc5 31. Nf5 Bxf2+ 32. Kh1 Rd8 33. gxf6 Bxf5 34. exf5 Qe3 35. Bd5+ Rxd5 36. cxd5 Qf3+ 0-1

[Event "World ol U16"]
[Site "Kuala Lumpur"]
[Date "2002.08.22"]
[Round "5"]
[White "Le, Quang Liem"]
[Black "Stativkin, Dmitriy"]
[Result "0-1"]
[WhiteElo "2148"]
[BlackElo "2173"]
[PlyCount "96"]
[EventDate "2002.08.20"]
[EventType "team-swiss"]
[EventRounds "10"]
[EventCountry "MAS"]
[SourceTitle "CBM 089 Extra"]
[Source "ChessBase"]
[SourceDate "2002.09.10"]
[SourceVersion "2"]
[SourceVersionDate "2002.09.10"]
[SourceQuality "1"]

1. d4 Nf6 2. c4 c5 3. d5 b5 4. cxb5 a6 5. bxa6 g6 6. Nc3 Bxa6 7. e4 Bxf1 8. Kxf1 d6 9. g3 Bg7 10. Kg2 0-0 11. Nf3 Nbd7 12. h3 Ra6 13. Qe2 Qa8 14. Re1 e6 15. Bf4 Nh5 16. Be3 f5 17. Bd2 fxe4 18. Qxe4 e5 19. Qg4 Ndf6 20. Qe6+ Kh8 21. Ng5 h6 22. Nf7+ Kh7 23. h4 Re8 24. Qh3 Nxd5 25. Ne4 Ndf6 26. f3 Qd5 27. Nxf6+ Nxf6 28. Ng5+ hxg5 29. hxg5+ Kg8 30. Be3 Nh7 31. a3 Nf8 32. Rad1 Qf7 33. Qg4 Ne6 34. Rh1 Nd4 35. Rdf1 Nf5 36. Bf2 Qe6 37. Rh2 e4 38. Rfh1 exf3+ 39. Qxf3 Qe4 40. Qxe4 Rxe4 41. b4 cxb4 42. axb4 Rxb4 43. Rc1 Rb7 44. Rc2 Rd7 45. g4 Nd4 46. Rc8+ Kf7 47. Rh7 Ne6 48. Rh3 Nxg5 0-1

[Event "World ol U16"]
[Site "Kuala Lumpur"]
[Date "2002.08.22"]
[Round "4"]
[White "Stativkin, Dmitriy"]
[Black "Halay, Taufik"]
[Result "1-0"]
[WhiteElo "2173"]
[BlackElo "2232"]
[PlyCount "35"]
[EventDate "2002.08.20"]
[EventType "team-swiss"]
[EventRounds "10"]
[EventCountry "MAS"]
[SourceTitle "CBM 089 Extra"]
[Source "ChessBase"]
[SourceDate "2002.09.10"]
[SourceVersion "2"]
[SourceVersionDate "2002.09.10"]
[SourceQuality "1"]

1. e4 c5 2. Nf3 d6 3. d4 cxd4 4. Qxd4 Nc6 5. Bb5 Bd7 6. Bxc6 Bxc6 7. Bg5 Qb6 8. Nc3 Qxb2 9. Rb1 Qa3 10. 0-0 e5 11. Nxe5 dxe5 12. Qxe5+ Ne7 13. Nb5 f6 14. Nc7+ Kf7 15. Qe6+ Kg6 16. Rb3 Qa4 17. Bxf6 h6 18. Bxg7+ 1-0

[Event "World ol U16"]
[Site "Kuala Lumpur"]
[Date "2002.08.21"]
[Round "2"]
[White "Howell, David"]
[Black "Stativkin, Dmitriy"]
[Result "1-0"]
[WhiteElo "2211"]
[BlackElo "2173"]
[PlyCount "53"]
[EventDate "2002.08.20"]
[EventType "team-swiss"]
[EventRounds "10"]
[EventCountry "MAS"]
[SourceTitle "CBM 089 Extra"]
[Source "ChessBase"]
[SourceDate "2002.09.10"]
[SourceVersion "2"]
[SourceVersionDate "2002.09.10"]
[SourceQuality "1"]

1. e4 e5 2. Nf3 Nc6 3. Bb5 a6 4. Bxc6 dxc6 5. 0-0 Qd6 6. Na3 Be6 7. Qe2 f6 8. Rd1 g5 9. d4 g4 10. Nh4 0-0-0 11. Be3 Qe7 12. Nc4 f5 13. exf5 Bxc4 14. Qxc4 Qxh4 15. Qe6+ Kb8 16. dxe5 Rc8 17. f6 Bh6 18. Bc5 Bf8 19. Be3 Bh6 20. Bd4 Bg5 21. Rd3 Nh6 22. Rb3 Ka8 23. Rxb7 Kxb7 24. Qb3+ Ka8 25. Qc4 Kb7 26. Qb4+ Ka8 27. Qc5 1-0

[Event "Moscow Youth Games U16"]
[Site "Moscow"]
[Date "2002.06.24"]
[Round "7"]
[White "Stativkin, Dmitriy"]
[Black "Pashikian, Arman"]
[Result "1-0"]
[WhiteElo "2164"]
[BlackElo "2272"]
[PlyCount "59"]
[EventDate "2002.06.18"]
[EventType "swiss"]
[EventRounds "7"]
[EventCountry "RUS"]
[SourceTitle "CBM 088 Extra"]
[Source "ChessBase"]
[SourceDate "2002.07.01"]
[SourceVersion "2"]
[SourceVersionDate "2002.07.01"]
[SourceQuality "1"]

1. e4 c5 2. Nf3 d6 3. d4 cxd4 4. Nxd4 Nf6 5. Nc3 g6 6. Be3 Bg7 7. f3 Nc6 8. Qd2 0-0 9. 0-0-0 d5 10. Kb1 Nxd4 11. e5 Nf5 12. exf6 Bxf6 13. Nxd5 Qxd5 14. Qxd5 Nxe3 15. Qd2 Nxd1 16. Qxd1 Be6 17. Bd3 Rfd8 18. Qe2 Rd4 19. h4 Rad8 20. h5 R8d6 21. hxg6 hxg6 22. Rd1 a5 23. g4 Rb4 24. b3 a4 25. Be4 axb3 26. cxb3 Rdb6 27. Rd8+ Kg7 28. Qh2 Rxb3+ 29. axb3 Rxb3+ 30. Kc1 1-0